000 01211cam a22003377a 4500
003 CHAP
005 20220817042839.0
008 971013s1975 r 00010 d
010 _a57544
011 _a58516
035 _a62671
040 _cCHAP
090 _aFolleto 3306
100 0 0 _aSprague, George Frederick.
_9109270
245 1 4 _aThe development of hybrid corn technolgy in the United States and selected countries
260 _aWashington :
_bAgency for International Development,
_c1975
300 _a81 p.
490 0 _aAgriculture technology for developing countries. Technical series bulletin
_v; 16
590 _aBATCH-UPD
_b10
_c20130110
_lUCH01
_h0542
590 _aBATCH-UPD
_b10
_c20130110
_lUCH01
_h2251
590 _aBATCH-UPD
_b10
_c20130410
_lUCH01
_h0223
590 _aBATCH-UPD
_b10
_c20130913
_lUCH01
_h2200
590 _aCONVERSION
_b10
_c20130109
_lUCH01
_h1331
650 1 4 _aMaíz
_xHíbridos.
_970974
650 1 4 _aMaíz
_xMejoramiento.
_971006
650 1 4 _aMaíz
_xProteínas.
_971043
830 0 _aAgriculture technology for developing countries. Technical series bulletin
_v; 16
901 _aBK
942 _cFOLL
949 _aFolleto 3306
_bBC
_cFOLL
_d-134257
_eTS1
_i62671
_mD
_si
999 _c57544
_d57544